| 000 | 00493nam a22001817a 4500 | ||
|---|---|---|---|
| 003 | CEME | ||
| 005 | 20210628201810.0 | ||
| 008 | 210129b xxu||||| |||| 00| 0 eng d | ||
| 020 | _a0-06-073158-3 | ||
| 040 | _c. | ||
| 082 | _a923.5 AME | ||
| 100 |
_aMcconnell, Malcolm,Tommy Frank _956881 |
||
| 245 | _aAmerican soldier,general tommy franks | ||
| 260 |
_aNEW YORK _bREGAN BOOKS _c2004 |
||
| 300 | _aXVII,580P | ||
| 650 |
_aAMERICAN SOLDIER GENERAL TOMMY FRANKS _956882 |
||
| 942 |
_cBK _2ddc |
||
| 999 |
_c567210 _d567210 |
||